| 000 | 00850nam a22001937a 4500 | ||
|---|---|---|---|
| 003 | OSt | ||
| 005 | 20260513110220.0 | ||
| 008 | 260513b |||||||| |||| 00| 0 eng d | ||
| 020 | _a9781529195972 | ||
| 040 | _aKenya National Library Service | ||
| 082 | _a823.914 JEW | ||
| 100 |
_aJewell, Lisa _eauthor |
||
| 245 |
_aNone of this is true / _cLisa Jewell |
||
| 300 |
_a391 pages ; _c24 cm |
||
| 520 | _aCelebrating her forty-fifth birthday at her local pub, popular podcaster Alix Summers crosses paths with an unassuming woman called Josie Fair. Josie, it turns out, is also celebrating her forty-fifth birthday. They are, in fact, birthday twins. A few days later, Alix and Josie bump into each other again, this time outside Alix's children's school. | ||
| 942 |
_2ddc _cBK _n0 |
||
| 999 |
_c492742 _d492742 |
||